Statistics for U.S. States by Date of Admission

Click here to take the quiz!

General Stats

  • This quiz has been taken 1,876 times
  • The average score is 31 of 50

Answer Stats

HintAnswer% Correct
December 7, 1787Delaware
96%
December 12, 1787Pennsylvania
87%
December 18, 1787New Jersey
85%
January 2, 1788Georgia
79%
January 3, 1959Alaska
78%
August 21, 1959Hawaii
78%
January 9, 1788Connecticut
77%
February 6, 1788Massachusetts
76%
July 26, 1788New York
75%
June 25, 1788Virginia
75%
April 28, 1788Maryland
74%
June 21, 1788New Hampshire
72%
November 21, 1789North Carolina
71%
May 29, 1790Rhode Island
71%
May 23, 1788South Carolina
71%
March 4, 1791Vermont
71%
March 1, 1803Ohio
68%
February 14, 1912Arizona
66%
June 1, 1792Kentucky
66%
January 6, 1912New Mexico
65%
June 1, 1796Tennessee
65%
December 11, 1816Indiana
62%
September 9, 1850California
60%
December 3, 1818Illinois
59%
April 30, 1812Louisiana
59%
November 16, 1907Oklahoma
59%
December 29, 1845Texas
59%
December 14, 1819Alabama
58%
March 15, 1820Maine
58%
August 10, 1821Missouri
56%
June 20, 1863West Virginia
56%
December 10, 1817Mississippi
55%
June 15, 1836Arkansas
54%
March 3, 1845Florida
54%
January 29, 1861Kansas
54%
January 26, 1837Michigan
54%
January 4, 1896Utah
54%
November 2, 1889North Dakota
53%
November 2, 1889South Dakota
53%
July 3, 1890Idaho
52%
July 10, 1890Wyoming
52%
August 1, 1876Colorado
51%
December 28, 1846Iowa
51%
November 8, 1889Montana
51%
March 1, 1867Nebraska
51%
October 31, 1864Nevada
51%
February 14, 1859Oregon
51%
November 11, 1889Washington
51%
May 11, 1858Minnesota
50%
May 29, 1848Wisconsin
50%

Score Distribution

Percentile by Number Answered

Percent of People with Each Score

Your Score History

You have not taken this quiz